000 00542nam a2200193Ia 4500
005 20250508165510.0
008 008 250505s9999 xx 000 0 hin d
020 _a978-81-8146-448-4
037 _aTextual
040 _aFEDL
_beng
_cFEDL
041 _ahin
_2eng
084 _a808.068, RAO
_qFEDL
100 _aRao Sandhya
_9730538
245 0 _aekki dokki: Ek Maratthi lok katha
260 _aChennai, India
_bTulika Publishers
_c1996
365 _aINR
_b95
942 _cTEXL
_h808.068, RAO
999 _c1395467
_d1395467